[Event "AUTO-OPEN-4586"]
[Site "http://www.queenalice.com/game.php?id=1855145"]
[Date "2025.4.6"]
[Round "1"]
[White "game"]
[Black "gizmokaka"]
[Result "0-1"]
[WhiteElo "1528"]
[BlackElo "2760"]

1. e4 Nf6 2. Nc3 e5 3. Nf3 Nc6 4. d4 exd4 5. Nb5 Bb4+ 6. c3 dxc3 7. Nxc3 Nxe4 8.
Bc4 Nxc3 9. bxc3 Bxc3+ 10. Bd2 Qe7+ 11. Kf1 Bxa1 12. Qxa1 O-O 13. Qb1 d5 14. Bb3
Re8 15. g3 Bh3+ 16. Kg1 h6 17. Qd3 Nd4 18. Qxd4 Qe2 19. Bc4 Qd1+ 20. Be1 Rxe1+
21. Nxe1 Qxe1+ 22. Bf1 Qxf1# 0-1

[Event "AUTO-OPEN-4586"]
[Site "http://www.queenalice.com/game.php?id=1855146"]
[Date "2025.4.6"]
[Round "1"]
[White "gizmokaka"]
[Black "game"]
[Result "1-0"]
[WhiteElo "2759"]
[BlackElo "1530"]

1. e4 e5 2. Bc4 Nf6 3. d3 d6 4. h3 Nc6 5. Nc3 a5 6. f4 exf4 7. Bxf4 Be7 8. Nf3
O-O 9. O-O Ng4 10. hxg4 g5 11. Be3 Bxg4 12. d4 a4 13. Nd5 Bxf3 14. Rxf3 g4 15.
Rf5 Qd7 16. Qxg4+ Kh8 17. Kf2 Qd8 18. Rh1 Rg8 19. Rxh7+ Kxh7 20. Rh5# 1-0

[Event "AUTO-INT-3926"]
[Site "http://www.queenalice.com/game.php?id=1855221"]
[Date "2025.4.9"]
[Round "1"]
[White "renet54"]
[Black "game"]
[Result "1-0"]
[WhiteElo "1660"]
[BlackElo "1499"]

1. d4 d5 2. Bf4 Bf5 3. Nf3 e6 4. e3 Qf6 5. c4 Nc6 6. Nbd2 Nb4 7. Qa4+ Nc6 8.
cxd5 exd5 9. Qb3 Na5 10. Qb5+ Nc6 11. Qxb7 Rd8 12. Bb5 Bd7 13. Bxc7 Rc8 14. Bxc6
Bd6 15. Qxc8+ Ke7 16. Qxd7+ Kf8 17. Qe8# 1-0

[Event "AUTO-INT-3926"]
[Site "http://www.queenalice.com/game.php?id=1855222"]
[Date "2025.4.9"]
[Round "1"]
[White "game"]
[Black "renet54"]
[Result "0-1"]
[WhiteElo "1510"]
[BlackElo "1644"]

1. e4 e5 2. Nf3 Nc6 3. Bc4 Nf6 4. Ng5 d5 5. exd5 Nxd5 6. d4 Nxd4 7. O-O Be7 8.
c3 Bxg5 9. Re1 O-O 10. cxd4 Nf4 11. Rxe5 Qf6 12. g3 Nh3+ 13. Kg2 Qxf2+ 14. Kh1
Bg4 15. Qf1 Bf3+ 0-1

[Event "AUTO-OPEN-4587"]
[Site "http://www.queenalice.com/game.php?id=1855377"]
[Date "2025.4.11"]
[Round "1"]
[White "JailtonMaster"]
[Black "game"]
[Result "1-0"]
[WhiteElo "2210"]
[BlackElo "1482"]

1. e4 d6 2. d4 Nf6 3. Bd3 e5 4. dxe5 dxe5 5. Nc3 Nc6 6. Nf3 Bc5 7. Bg5 Qd7 8.
Bxf6 gxf6 9. Nd5 Nd4 10. Nxf6+ Kd8 11. Nxd7 Bxd7 12. Nxe5 Re8 13. Nxf7+ Kc8 14.
O-O Bc6 15. Qg4+ Re6 16. c3 Bd7 17. cxd4 Bxd4 18. Rac1 Bxb2 19. Qg8+ Re8 20.
Nd6+ Kd8 21. Nxe8 Bxc1 22. Ng7+ Be8 23. Qxe8# 1-0

[Event "AUTO-OPEN-4587"]
[Site "http://www.queenalice.com/game.php?id=1855378"]
[Date "2025.4.11"]
[Round "1"]
[White "game"]
[Black "JailtonMaster"]
[Result "1-0"]
[WhiteElo "1486"]
[BlackElo "2212"]

1. e4 c5 2. Nf3 d6 3. Bc4 e6 4. d4 cxd4 5. Ng5 d5 6. Bb5+ Nc6 7. Qf3 Qa5+ 8. Bd2
Qc7 9. exd5 exd5 10. Bf4 Qa5+ 11. Bd2 Qc7 12. Qxd5 Qe7+ 13. Ne4 Bd7 14. O-O
O-O-O 15. Na3 a6 16. Bc4 Be6 17. Qh5 Bxc4 18. Nxc4 Qxe4 19. f3 Qe6 20. Nb6+ Kb8
21. Rae1 Qd6 22. g3 Nf6 23. Qh3 d3 24. Bf4 1-0

[Event "AUTO-INT-3927"]
[Site "http://www.queenalice.com/game.php?id=1855576"]
[Date "2025.4.15"]
[Round "1"]
[White "renet54"]
[Black "game"]
[Result "0-1"]
[WhiteElo "1653"]
[BlackElo "1442"]

1. d4 d5 2. Bf4 Bg4 3. Nc3 Nc6 4. Nf3 Nb4 5. g3 Bf5 6. Bg2 Nxc2+ 7. Kd2 Nxa1 8.
Qxa1 e5 9. Nxe5 Qf6 10. e4 dxe4 11. Re1 c5 12. Qb1 e3+ 13. Rxe3 Bxb1 14. Bh3
cxd4 15. Nd7+ dxe3+ 16. Ke2 Qxc3 17. bxc3 Rc8 18. Bxe3 Rxc3 19. Bxa7 Nf6 20. Bd4
Rc2+ 21. Ke3 Nd5+ 22. Kf3 h5 23. Bf5 Rc1 24. Be4 Bxa2 25. Bb2 Rh1 26. Nxf8 Kxf8
27. Ke2 g5 28. Bxh1 f6 29. Kd3 h4 30. g4 h3 31. Kd4 Rh4 32. Bxd5 Rxg4+ 33. Kc5
Bxd5 34. Kxd5 Rg2 35. Bxf6 g4 36. Kd6 Rxh2 37. Kc5 Rxf2 38. Bd4 Rf5+ 39. Kb6 h2
0-1

[Event "AUTO-INT-3927"]
[Site "http://www.queenalice.com/game.php?id=1855577"]
[Date "2025.4.15"]
[Round "1"]
[White "game"]
[Black "renet54"]
[Result "0-1"]
[WhiteElo "1477"]
[BlackElo "1637"]

1. e4 e5 2. Nf3 Nc6 3. Bc4 Nf6 4. Ng5 d5 5. Bb3 Bc5 6. exd5 Nd4 7. d6 Qxd6 8.
Nxf7 Be6 9. Nxd6+ cxd6 10. Bxe6 Nxe6 11. O-O O-O 12. d4 Bxd4 13. Be3 Bxb2 14.
Nc3 Bxa1 15. Qxa1 Rac8 16. Nb5 Rxc2 17. Nxd6 Ng4 18. Bxa7 Nd4 19. Nxb7 Ne2+ 20.
Kh1 Rf6 21. f3 Nxh2 22. Kxh2 Rh6# 0-1

[Event "AUTO-INT-3927"]
[Site "http://www.queenalice.com/game.php?id=1855588"]
[Date "2025.4.15"]
[Round "1"]
[White "nuzera"]
[Black "game"]
[Result "1-0"]
[WhiteElo "1364"]
[BlackElo "1464"]

1. e4 e5 2. d4 Nf6 3. dxe5 Nxe4 4. Qd4 Qh4 5. Nf3 Bb4+ 6. Qxb4 Qxf2+ 7. Kd1 Nc6
8. Qxe4 O-O 9. Ng5 Re8 10. Be3 Rxe5 11. Qxh7+ Kf8 12. Bxf2 Rxg5 13. Bc4 Rxg2 14.
Re1 Rxf2 15. Qh8# 1-0

[Event "AUTO-INT-3927"]
[Site "http://www.queenalice.com/game.php?id=1855589"]
[Date "2025.4.15"]
[Round "1"]
[White "game"]
[Black "nuzera"]
[Result "0-1"]
[WhiteElo "1458"]
[BlackElo "1368"]

1. e4 e5 2. Nf3 d5 3. Nxe5 Qe7 4. d4 dxe4 5. Bc4 f6 6. Ng4 Qb4+ 7. Nd2 b5 8. Bd5
c6 9. Bxe4 f5 10. a3 Qxd4 11. c3 Qd6 12. Ne3 fxe4 13. O-O Qg6 14. f4 Bc5 15. Re1
Nf6 16. b4 Bb6 17. a4 Ng4 18. Nxe4 Qxe4 19. Kf1 Bxe3 20. axb5 Nxh2+ 21. Ke2 Bg4#
0-1

[Event "AUTO-OPEN-4588"]
[Site "http://www.queenalice.com/game.php?id=1855624"]
[Date "2025.4.16"]
[Round "1"]
[White "Takeda"]
[Black "game"]
[Result "1-0"]
[WhiteElo "2061"]
[BlackElo "1535"]

1. e4 e5 2. Nf3 Nc6 3. Bb5 d6 4. O-O Nf6 5. d4 Nxe4 6. Re1 f5 7. dxe5 a6 8.
Bxc6+ bxc6 9. Nc3 d5 10. Nxe4 fxe4 11. Nd4 Bb4 12. c3 Bc5 13. Qh5+ Kd7 14. e6+
Kd6 15. Bf4+ Ke7 16. Qf7# 1-0

[Event "AUTO-OPEN-4588"]
[Site "http://www.queenalice.com/game.php?id=1855625"]
[Date "2025.4.16"]
[Round "1"]
[White "game"]
[Black "Takeda"]
[Result "0-1"]
[WhiteElo "1434"]
[BlackElo "2092"]

1. e4 g6 2. Nf3 Bg7 3. d4 d6 4. Ng5 Nf6 5. Bc4 O-O 6. O-O Nbd7 7. f4 Nb6 8. Na3
Nxc4 9. Nxc4 h6 10. Nf3 Nxe4 11. Nh4 Be6 12. b3 c5 13. Re1 Nc3 14. Qf3 Bxd4+ 15.
Be3 b5 16. Nd2 Bd5 17. Qh3 Ne2+ 18. Kf1 Bxa1 19. Rxa1 Nd4 20. g4 Nxc2 21. Rb1
Nxe3+ 22. Qxe3 e5 23. g5 exf4 24. Qxf4 Qxg5 25. Qxg5 hxg5 26. Ng2 Bxg2+ 27. Kxg2
Rfe8 28. Kg3 Re2 29. Nf1 Rxa2 30. Ne3 Re8 31. Nd5 Ree2 32. Kg4 Rg2+ 33. Kf3 Rxh2
34. Rg1 Rh3+ 35. Ke4 Re2+ 36. Ne3 Rexe3+ 37. Kd5 Rxb3 38. Kxd6 c4 39. Rxg5 c3
40. Ke7 c2 41. Rc5 Rhc3 42. Rd5 c1=Q 43. Rd8+ Kg7 44. Rf8 Qe3+ 0-1

[Event "AUTO-OPEN-4588"]
[Site "http://www.queenalice.com/game.php?id=1855652"]
[Date "2025.4.16"]
[Round "1"]
[White "ChessColossos"]
[Black "game"]
[Result "1-0"]
[WhiteElo "1768"]
[BlackElo "1461"]

1. e4 e5 2. Nf3 Nf6 3. d3 Bc5 4. Be2 Ng4 5. O-O h5 6. Nc3 d5 7. exd5 h4 8. h3
Nh6 9. Nxe5 Qf6 10. d4 Bd6 11. Bb5+ c6 12. dxc6 bxc6 13. Ba4 Ba6 14. Re1 O-O 15.
Bxh6 gxh6 16. Qg4+ Kh7 17. Qe4+ Kh8 18. Re3 Bb7 19. Rf3 Qe6 20. Bb3 Qc8 21.
Nxf7+ Kg8 22. Qg6# 1-0

[Event "AUTO-OPEN-4588"]
[Site "http://www.queenalice.com/game.php?id=1855653"]
[Date "2025.4.16"]
[Round "1"]
[White "game"]
[Black "ChessColossos"]
[Result "0-1"]
[WhiteElo "1444"]
[BlackElo "1825"]

1. e4 e5 2. Nf3 Nc6 3. Bc4 Be7 4. d4 exd4 5. Nxd4 Ne5 6. b3 Nxc4 7. bxc4 d6 8.
Bb2 Nf6 9. O-O O-O 10. Nf3 Nxe4 11. Nc3 Nxc3 12. Bxc3 Bg4 13. Qd4 Bf6 14. Qxg4
Bxc3 15. Rad1 Bf6 16. c5 d5 17. c4 c6 18. cxd5 cxd5 19. g3 Rc8 20. Kg2 Rxc5 21.
h4 Re8 22. Ng5 Bxg5 23. hxg5 Re5 24. f4 Rc2+ 25. Rf2 Rxf2+ 26. Kxf2 Re8 27. Qf3
Qb6+ 28. Kg2 d4 29. Kh3 g6 30. g4 Re3 31. Qxe3 dxe3 32. f5 gxf5 33. gxf5 Kg7 34.
Kh4 e2 35. Re1 Qf2+ 0-1

[Event "AUTO-INT-3928"]
[Site "http://www.queenalice.com/game.php?id=1855903"]
[Date "2025.4.21"]
[Round "1"]
[White "game"]
[Black "Yanni"]
[Result "0-1"]
[WhiteElo "1432"]
[BlackElo "1392"]

1. e4 e5 2. Nf3 Nc6 3. Bc4 h6 4. d4 Bb4+ 5. Nc3 Bxc3+ 6. bxc3 Nf6 7. dxe5 Nxe4
8. Bb2 Na5 9. Bd3 Nc5 10. c4 O-O 11. Ba3 Ne6 12. Bxf8 Qxf8 13. Qe2 Qb4+ 14. Nd2
Qb2 15. Rb1 Qd4 16. Nb3 Nxb3 17. cxb3 Nf4 18. Qe4 Qc3+ 19. Kf1 Nxd3 20. g4 Nc5
21. Qd5 Ne6 22. Kg2 Nf4+ 23. Kg1 Nxd5 24. Kg2 Nf4+ 25. Kg1 d5 26. cxd5 Bxg4 27.
Kf1 Qd3+ 28. Kg1 Qxb1# 0-1

[Event "AUTO-OPEN-4589"]
[Site "http://www.queenalice.com/game.php?id=1855951"]
[Date "2025.4.22"]
[Round "1"]
[White "rmvwoods"]
[Black "game"]
[Result "1-0"]
[WhiteElo "2147"]
[BlackElo "1466"]

1. e4 c5 2. Nf3 Nf6 3. e5 Ng4 4. h3 Nh6 5. d4 e6 6. Bc4 cxd4 7. Nxd4 Nf5 8. O-O
Bc5 9. Nxf5 exf5 10. Qd5 Bb4 11. Qxf7# 1-0

[Event "AUTO-OPEN-4589"]
[Site "http://www.queenalice.com/game.php?id=1855952"]
[Date "2025.4.22"]
[Round "1"]
[White "game"]
[Black "rmvwoods"]
[Result "0-1"]
[WhiteElo "1438"]
[BlackElo "2159"]

1. e4 e5 2. Nf3 d6 3. d4 Nf6 4. d5 Nxe4 5. Bd3 Nf6 6. O-O Nxd5 7. Ng5 Nf6 8. Bc4
d5 9. Bb3 h6 10. Nf3 e4 11. Re1 Be6 12. Ne5 Bd6 13. f4 exf3 14. Nxf3 O-O 15. c3
c6 16. Nh4 Ng4 17. c4 Bc5+ 18. Kh1 Nf2+ 0-1